Top 100 countries with the strongest military - Statistics

General Stats
  • This quiz has been taken 883 times
    873 since last reset
  • The average score is 68 of 100
Answer Stats
Rank Country % Correct
1 USA
98%
2 Russia
97%
3 China
96%
5 United Kingdom
95%
9 France
94%
4 India
94%
6 South Korea
93%
8 Japan
91%
10 Italy
90%
12 Brazil
89%
16 Australia
88%
14 Egypt
87%
34 North Korea
87%
7 Pakistan
87%
17 Iran
86%
21 Spain
86%
11 Turkey
86%
28 Argentina
85%
25 Germany
85%
31 Mexico
85%
27 Canada
84%
13 Indonesia
83%
18 Israel
83%
37 Sweden
83%
15 Ukraine
83%
51 Finland
80%
35 Norway
80%
45 Iraq
79%
20 Poland
79%
41 Portugal
79%
33 South Africa
79%
30 Greece
78%
22 Saudi Arabia
77%
19 Vietnam
77%
26 Algeria
75%
46 Chile
74%
43 Colombia
74%
24 Thailand
74%
61 Morocco
71%
36 Nigeria
71%
47 Romania
71%
58 Serbia
71%
68 Belgium
70%
50 Denmark
70%
39 Netherlands
70%
84 Austria
69%
60 Belarus
69%
63 Kazakhstan
69%
53 Peru
69%
44 Switzerland
69%
52 Venezuela
68%
42 Malaysia
67%
64 Syria
67%
23 Taiwan
66%
66 Cuba
65%
90 Ireland
65%
80 Libya
65%
76 Oman
65%
32 Philippines
65%
67 Slovakia
65%
74 Yemen
65%
69 Croatia
64%
54 Hungary
64%
56 United Arab Emirates
64%
59 Bulgaria
63%
49 Ethiopia
62%
38 Myanmar
62%
48 Czech
61%
75 Sudan
61%
86 Slovenia
60%
40 Bangladesh
59%
65 Qatar
59%
62 Uzbekistan
59%
70 Ecuador
58%
77 Bolivia
57%
96 Uruguay
57%
81 Jordan
56%
99 Mongolia
56%
88 Paraguay
56%
91 Albania
55%
94 Armenia
54%
73 Tunisia
54%
57 Azerbaijan
53%
87 Kenya
53%
93 Lithuania
53%
82 Turkmenistan
53%
85 Georgia
51%
78 Kuwait
51%
95 Latvia
51%
29 Singapore
51%
55 Angola
49%
71 Sri Lanka
46%
79 Bahrain
44%
97 Chad
41%
98 Zimbabwe
36%
83 Uganda
34%
100 Cameroon
33%
89 Zambia
33%
92 Honduras
31%
72 Democratic Republic of Congo
3%
No matching quizzes found
Score Distribution
Percent of People with Each Score
Percentile by Number Answered
Your Score History
You have not taken this quiz since the last reset